|
|
|
|
| LEADER |
00000nam0a2200000 4500 |
| 001 |
309074 |
| 005 |
20231102002144.0 |
| 035 |
|
|
|a (RuTPU)RU\TPU\book\334396
|
| 090 |
|
|
|a 309074
|
| 100 |
|
|
|a 20151110d1981 km y0rusy50 ca
|
| 101 |
0 |
|
|a rus
|
| 102 |
|
|
|a RU
|
| 105 |
|
|
|a a z 001zy
|
| 200 |
1 |
|
|a Минералогия медно-никелевых месторождений Кольского полуострова
|f Академия наук СССР (АН СССР), Кольский научный центр (КолНЦ), Геологический институт (ГИ) ; под ред. Г. И. Горбунова
|
| 210 |
|
|
|a Ленинград
|c Наука
|d 1981
|
| 215 |
|
|
|a 352 с.
|c ил.
|
| 320 |
|
|
|a Библиогр.: с. 325-343
|
| 606 |
1 |
|
|a Медно-никелевые месторождения
|2 stltpush
|3 (RuTPU)RU\TPU\subj\41820
|9 61597
|
| 610 |
1 |
|
|a минералогия
|
| 610 |
1 |
|
|a Кольский полуостров
|
| 610 |
1 |
|
|a сульфидные месторождения
|
| 610 |
1 |
|
|a геологическая характеристика
|
| 610 |
1 |
|
|a нерудные минералы
|
| 610 |
1 |
|
|a рудные минералы
|
| 610 |
1 |
|
|a второстепенные минералы
|
| 675 |
|
|
|a 553.481'43
|v 4
|
| 702 |
|
1 |
|a Горбунов
|b Г. И.
|4 340
|
| 712 |
0 |
2 |
|a Академия наук СССР (АН СССР)
|b Кольский научный центр (КолНЦ)
|b Геологический институт (ГИ)
|c (Апатиты)
|2 stltpush
|3 (RuTPU)RU\TPU\col\18176
|
| 801 |
|
1 |
|a RU
|b 63413507
|c 20151110
|
| 801 |
|
2 |
|a RU
|b 63413507
|c 20190722
|g RCR
|
| 942 |
|
|
|c BK
|